| 000 | 01208nam a2200301Ia 4500 | ||
|---|---|---|---|
| 005 | 20220316235349.0 | ||
| 008 | 121119s2002 sp gr 000 0 spa | ||
| 020 | _a8420639583 | ||
| 041 | 1 | _aspa | |
| 082 | 0 | 4 |
_a320.1 _bR68D |
| 100 | 1 |
_aRousseau, Jean Jacques, _d1712-1778 |
|
| 245 | 1 | 0 |
_aDel contrato social _bdiscurso sobre las ciencias y las artes ; Discurso sobre el origen y los fundamentos de la desigualdad entre los hombres _cJean Jacques Rousseau ; prólogo, traducción y notas de Mauro Armiño |
| 250 | _aSegunda reimpresión | ||
| 264 | 1 |
_aMadrid _bAlianza _c2002 |
|
| 300 |
_a385 páginas _c17 cm. |
||
| 336 |
_atexto _btxt _2rdacontent |
||
| 337 |
_asin mediación _bn _2rdamedia |
||
| 338 |
_avolumen _bnc _2rdacarrier |
||
| 490 | 0 | _aCiencias sociales : sociología | |
| 504 | _aContiene bibliografía | ||
| 505 | 0 | _a1.Discurso sobre las ciencias y las artes -- 2.Discurso sobre el origen y los fundamentos de la dignidad entre los hombres | |
| 650 | 1 | 4 |
_2LEMB _aCiencia política _xTeorías |
| 650 | 1 | 4 |
_2LEMB _aEstructura social |
| 650 | 1 | 4 |
_2LEMB _aInstituciones sociales |
| 700 | 1 |
_aArmiño, Mauro _etraductor _9118063 |
|
| 942 |
_2ddc _cBK |
||
| 040 |
_aCO-BoRNBP _bspa _erda _cCO-BoRNBP |
||
| 999 |
_c732 _d732 |
||